000 01054nam a22002657a 4500
003 BD-DhSAU
005 20181205121918.0
008 151104b2015 bg ||||| |||| 001 0 eng d
040 _aBD-DhSAU
082 _222
_a634.9
_bM473
100 _aMehedi, R.A.
_4REGISTRATION NO. # 09-03662
245 _aFarmer's views and perceptions about cropland agroforestry promotion in Rangpur district of Bangladesh / Ms Thesis
_c, R.A. Mehed
260 _aSher-e-Bangla Agricultural Uniersity :
_b Department of Agroforestry and Environmental Science,
_c2015
300 _ax, 71 p. :
_bill. ;
_c30 cm.
504 _aIncludes references.
590 _akamim
650 _aAgroforestry
650 _aFarmer's views and perceptions about cropland
650 _acropland agroforestry promotion in Rangpur district
650 _aBangladesh
700 _aHossain, Md. Forhad
_eSupervisor
700 _aNaher, Nazmun
_eCo-Supervisor
856 _uhttp://archive.saulibrary.edu.bd:8080/xmlui/handle/123456789/1794
_yOnline Access
942 _2ddc
_cTHESIS
999 _c13706
_d13705